| 000 | 01171cam a2200337 a 4500 | ||
|---|---|---|---|
| 001 | 2832 | ||
| 003 | FISKH | ||
| 005 | 20250409154722.0 | ||
| 008 | 080919r20092006ilua b 000 1 eng | ||
| 010 | _a 2008039689 | ||
| 020 | _a9781444000023 | ||
| 040 |
_aDLC _cDLC _dDLC _beng |
||
| 042 | _alcac | ||
| 050 | 0 | 0 |
_aPZ7.S604 _bHoaw 2009 |
| 082 | 0 | 0 |
_a[Fic] _222 |
| 100 | 1 | _aSimon, Francesca. | |
| 245 | 1 | 0 |
_aHorrid Henry and the football fiend / _cFrancesca Simon ; illustrated by Tony Ross. |
| 250 | _aThis edition published in 2010 | ||
| 260 |
_aLondon : _bOrion Books, _c2006 |
||
| 300 |
_a76 pages : _bcolor illustrations ; _c20 cm. |
||
| 490 | _aEarly Reader | ||
| 505 | _aJ | ||
| 520 | _aA blue Early Reader is perfect for sharing and reading together. A red Early Reader is the next step on your reading journey. Horrid Henry is determined to win the class football match and defeat Moody Margaret. | ||
| 521 |
_a490
_bLexile |
||
| 521 |
_aJ
_bRaz-Plus |
||
| 650 | 1 |
_aBehavior _vFiction. |
|
| 650 | 1 | _aHumorous stories. | |
| 700 | 1 |
_aRoss, Tony, _eillustrator |
|
| 906 |
_a7 _bcbc _corignew _d1 _eecip _f20 _gy-gencatlg |
||
| 942 |
_2ddc _cBK _n0 |
||
| 999 |
_c2832 _d2832 |
||